Las relaciones en la historia de la Europa medieval

Αποθηκεύτηκε σε:
Λεπτομέρειες βιβλιογραφικής εγγραφής
Κύριοι συγγραφείς: Jornet i Benito, Núria (Συγγραφέας), Vinyoles Vidal, Teresa (Συγγραφέας), Rivera Garretas, María Milagros (Συγγραφέας), Garí, Blanca (Συγγραφέας), García Herrero, María del Carmen (Συγγραφέας), Varela Rodríguez, María Elisa (Συγγραφέας)
Μορφή: Βιβλίο
Γλώσσα:Ισπανικά
Έκδοση: Valencia Tirant lo Blanch 2006
Σειρά:Colección Crónica
Θέματα:
Ετικέτες: Προσθήκη ετικέτας
Δεν υπάρχουν, Καταχωρήστε ετικέτα πρώτοι!

MARC

LEADER 00000nam a2200000 a 4500
001 UCI4136
003 CL-VaPUC
008 071221e20060000SP |||||||||||||||||spa|d
020 |a 8484567192 
082 0 4 |a 940.1  |b JOR  |2 21 
100 0 |a Jornet i Benito, Núria  |e author  |9 525830 
700 0 |a Vinyoles Vidal, Teresa  |e author  |9 525831 
700 0 |a Rivera Garretas, María Milagros  |e author  |9 525832 
700 0 |a Garí, Blanca  |e author  |9 525833 
700 0 |a García Herrero, María del Carmen  |e author  |9 525834 
700 0 |a Varela Rodríguez, María Elisa  |e author  |9 525835 
245 1 4 |a Las relaciones en la historia de la Europa medieval 
300 |a 493 p 
942 |c BK 
945 |d 20071221 00:00:00  |a jtorresc 
260 |a Valencia  |b Tirant lo Blanch  |c 2006 
650 0 |a Civilización medieval   |9 265320 
650 0 |a Edad media  |9 258041 
650 0 |a Vida social y costumbres  |9 258725 
650 0 |a Cultura  |9 269059 
650 7 |a RELACIONES ECONOMICAS  |2 CL-VaPUC  |9 373743 
650 0 |a Espiritualidad   |9 267331 
650 0 |a Prostitución   |9 344312 
583 |a last modification  |c 20071221 00:00:00  |k Rodrigo Vera 
490 0 |a Colección Crónica 
999 |c 328122  |d 328120 
952 |0 0  |1 0  |4 0  |6 940_100000000000000_JOR_2006  |7 0  |8 A  |9 411896  |a BIBHIS  |b BIBHIS  |d 2019-11-22  |i 4397762  |o 940.1 JOR 2006  |p 4397762  |r 2025-01-20  |w 2019-11-22  |y BK  |k HIS